5000 nights at the opera: the memoirs of Sir Rudolf Bing

Furkejuvvon:
Bibliográfalaš dieđut
Váldodahkki: Bing, Rudolf (Dahkki)
Materiálatiipa: Girji
Giella:eaŋgalasgiella
Almmustuhtton: Nueva York Popular Library 1972
Fáttát:
Fáddágilkorat: Lasit fáddágilkoriid
Eai fáddágilkorat, Lasit vuosttaš fáddágilkora!

MARC

LEADER 00000nam a2200000 a 4500
001 UCW2313
003 CL-VaPUC
005 20240312110945.0
008 890116e19720000US |||||||||||||||||eng|d
999 |c 216872  |d 216870 
040 |c Pontificia Universidad Católica de Valparaíso 
082 0 4 |a 780.92  |b BIN  |2 21 
100 0 |a Bing, Rudolf  |e author  |9 306302 
245 1 0 |a 5000 nights at the opera: the memoirs of Sir Rudolf Bing 
260 |a Nueva York  |b Popular Library  |c 1972 
300 |a 360 p 
583 |a last modification  |c 19890116 00:00:00  |k Rodrigo Vera 
600 0 |a Bing, Rudolf, sir  |2 CL-VaPUC  |9 306303  |d 1902-1997 
650 0 |a Correspondencia, memorias, etc.  |2 CL-VaPUC  |9 306470 
650 0 |a Ópera  |9 306284 
650 0 |a Estética musical  |9 265497 
942 |c BK  |2 ddc 
945 |d 19890116 00:00:00